header

Rethinking library linking (Record no. 228050)

MARC details
000 -LEADER
fixed length control field 01522nam a2200361 a 4500
100 1# - MAIN ENTRY--AUTHOR NAME
Personal name Trainor, Cindi.
245 10 - TITLE STATEMENT
Title Rethinking library linking
260 ## - PUBLICATION, DISTRIBUTION, ETC. (IMPRINT)
Place of publication Chicago :
Name of publisher ALA TechSource,
Year of publication 2010.
300 ## - PHYSICAL DESCRIPTION
Number of Pages 35 p. :
Other physical details col. ill.
490 1# - SERIES STATEMENT
Series statement Library technology reports : expert guides to library systems and services,
500 ## - GENERAL NOTE
General note "October 2010"--Cover.
650 #0 - SUBJECT ADDED ENTRY--TOPICAL TERM
Topical Term Libraries
Topical Term Electronic information resources
Topical Term Web services.
Topical Term Serials librarianship.
700 1# - ADDED ENTRY--PERSONAL NAME
Personal name Price, Jason.
856 40 - ELECTRONIC LOCATION AND ACCESS
Uniform Resource Identifier http://site.ebrary.com/lib/rucke/Doc?id=10486801

No items available.

© 2026 Rongo University
Contact us: librarian | system librarian | Rongo university